000002399 001__ 2399 000002399 005__ 20260410130547.0 000002399 0247_ $$2DOI$$a10.6083/M46M354W 000002399 037__ $$aETD 000002399 245__ $$aThe determinants of prone infant sleep position: analysis of the 1998-1999 Oregon Pregnancy Risk Assessment Monitoring System dataset 000002399 269__ $$a2003 000002399 336__ $$aThesis 000002399 502__ $$bM.P.H. 000002399 540__ $$fCC BY 000002399 542__ $$fIn copyright - single owner 000002399 650__ $$aPopulation Surveillance$$024440 000002399 650__ $$aInfant Mortality$$020777 000002399 650__ $$aSudden Infant Death$$026549 000002399 650__ $$aProne Position$$029321 000002399 650__ $$aRisk Factors$$025522 000002399 691__ $$aSchool of Medicine$$041369 000002399 692__ $$aDepartment of Public Health and Preventive Medicine$$041444 000002399 7001_ $$aLahr, Martin B. 000002399 8564_ $$91533fd38-edb4-44d1-888b-d5282328449f$$s3951705$$uhttps://digitalcollections.ohsu.edu/record/2399/files/3133_etd.pdf$$ePublic$$2f8806cfe280b8877f5e9e362190200e9$$31 000002399 901__ $$a<p>These documents are archival records. They are retained for historical reference only. </p><p><b>Need an accessible version? Use the ‘Get Accessible Copy’ link above.</b></p> 000002399 905__ $$a/rest/prod/rb/68/xc/01/rb68xc01c 000002399 909CO $$ooai:digitalcollections.ohsu.edu:2399$$pstudent-work 000002399 956__ $$aGet Accessible Copy$$uhttps://ohsu.libwizard.com/f/requestaccessibledocument 000002399 980__ $$aTheses and Dissertations